Quizzes
Events
Quiz Creation
Community
Videos
Private Events
Remove Ads
Sign In
Join for FREE
Feedback
Dark Mode
Quiz Categories
Sports
Geography
Music
Movies
Television
Just For Fun
Miscellaneous
History
Literature
Language
Science
Gaming
Entertainment
Religion
Holiday
For Kids
Quiz Lab
Recent
Popular Today
Quiz Kudos Today
Editor Picks
Curator Picks
Quizzes by...
Day
Popularity
Type
Ratings
Length
Year
Community
Subscriptions
Recent Discussions
Orange Saloon
Badges
Playlists
Quests
Create
Leaderboards
Showdown
Live 5
Trivia Bingo
Activity
Puzzle Library
Sporcle Events
Private Events
Virtual Trivia
Globe League
Become a Host
Pub Owners
SporcleCon
Opinionation
Our Games
Videos
Blog
Mobile Apps
Partnerships
Remove Ads and Go Orange
Feedback
Sports
Athletes
MLB
NBA
NHL
NFL
Soccer
Sports Teams
WWE
NCAA
Football
Premier League
Basketball
Baseball
Hockey
Golf
Tennis
Cricket
Rugby
Auto Racing
Olympics
World Cup
Sports
Athletes
MLB
NBA
NHL
NFL
Soccer
Sports Teams
WWE
NCAA
Football
Premier League
Basketball
Baseball
Hockey
Golf
Tennis
Cricket
Rugby
Auto Racing
Olympics
World Cup
Random Quiz
Search Sporcle
×
Quiz Lab
Quiz Lab
Sports
del
Type in answers that appear in a list
Type in answers that appear in a list
Classic
Best Score? Go Orange.
Convocados al Mundial por España Stats
¿Recuerdas a los jugadores convocados a los Mundiales del siglo XXI con España?
By
MARCA
10m
115 Questions
65.8K Plays
65,761 Plays
65,761 Plays
Comments
Comments
Give Quiz Kudos
Give Quiz Kudos
-
- Ratings
hide this ad
Replay
Link that replays current quiz
Next Quiz
Link to next quiz in quiz playlist
You Got
0%
They Got
Avg Score
68%
Avg Friend Score
Upgrade to see
Score Distribution
Jump to the score distribution portion of the page
Score
0/115
Timer
10:00
1
Play Today
Posición
Mundial
% Correct
2002
Iker Casillas
97.2%
2006
Iker Casillas
97.2%
2010
Iker Casillas
97.2%
2014
Iker Casillas
97.2%
2002
Xavi
93.3%
2006
Xavi
93.3%
2010
Xavi
93.3%
2014
Xavi
93.3%
2006
Iniesta
91.7%
2010
Iniesta
91.7%
2014
Iniesta
91.7%
2018
Iniesta
91.7%
2006
Sergio Ramos
89.5%
2010
Sergio Ramos
89.5%
2014
Sergio Ramos
89.5%
2018
Sergio Ramos
89.5%
2002
Puyol
89.2%
2006
Puyol
89.1%
2010
Puyol
89.1%
2006
Villa
88.8%
2010
Villa
88.8%
2014
Villa
88.8%
2006
Torres
88.7%
2010
Torres
88.7%
2014
Torres
88.7%
2010
Pique
87.5%
2014
Pique
87.5%
2018
Pique
87.5%
2002
Raul
83.8%
2006
Raul
83.8%
2006
Reina
83.3%
2010
Reina
83.3%
2014
Reina
83.3%
2018
Reina
83.3%
2010
Silva
83.2%
2014
Silva
83.2%
2018
Silva
83.2%
2006
Xabi Alonso
82%
2010
Xabi Alonso
82%
Posición
Mundial
% Correct
2014
Xabi Alonso
82%
2002
Hierro
81.3%
2014
De Gea
80.8%
2018
De Gea
80.8%
2002
Joaquin
80.4%
2006
Joaquin
80.4%
2010
Busquets
79.6%
2014
Busquets
79.6%
2018
Busquets
79.6%
2006
Cesc
79.3%
2010
Cesc
79.3%
2014
Cesc
79.3%
2014
Koke
78.3%
2018
Koke
78.3%
2014
Jordi Alba
75.2%
2018
Jordi Alba
75.2%
2010
Pedro
75%
2014
Pedro
75%
2010
Valdes
73.2%
2018
Iago Aspas
71.9%
2006
Cañizares
71.6%
2010
Jesus Navas
70.9%
2018
Carvajal
70.8%
2018
Saul
70.3%
2010
Mata
66.9%
2014
Mata
66.9%
2010
Llorente
66.5%
2010
Albiol
66.5%
2014
Albiol
66.5%
2014
Diego Costa
66.2%
2018
Diego Costa
66.2%
2010
Capdevila
66.1%
2018
Isco
65.3%
2010
Arbeloa
64.3%
2006
Marcos Senna
64.3%
2018
Thiago
62.5%
2002
Albelda
62.4%
2006
Albelda
62.4%
2010
Javi Martinez
61.9%
Posición
Mundial
% Correct
2014
Javi Martinez
61.9%
2014
Cazorla
61.9%
2002
Morientes
60.8%
2002
Mendieta
60.7%
2002
Juanfran
60.6%
2014
Juanfran
60.6%
2006
Marchena
58.4%
2010
Marchena
58.4%
2006
Michel Salgado
57.7%
2018
Kepa
55.1%
2018
Asensio
54.9%
2002
Helguera
54.7%
2018
Nacho
53.3%
2002
Baraja
53.2%
2014
Azpilicueta
51.1%
2018
Azpilicueta
51.1%
2002
Valeron
49.4%
2002
Sergio
47.8%
2018
Rodrigo
47.3%
2018
Lucas
44%
2002
De Pedro
42.8%
2002
Luis Enrique
40.2%
2002
Tristan
37.5%
2018
Monreal
37.2%
2006
Reyes
36.7%
2002
Curro Torres
34.5%
2006
Pernia
33.2%
2002
Luque
32.7%
2002
Nadal
32.3%
2006
Juanito
32.3%
2018
Odriozola
30.2%
2006
Luis Garcia
29.8%
2006
Pablo
29.6%
2002
Contreras
23.9%
2002
Romero
23.2%
2006
Antonio Lopez
23%
2002
Ricardo
19.5%
Quiz Playlist
Details
Report
Send in Message
Add To Playlist
Classic:
Type in answers that appear in a list
Last Updated: Apr 29, 2020
Quiz Scoreboard
CHALLENGE
Sign Up to Join the Scoreboard
Show All
Scores
Hide
Comments
May contain spoilers
Recently Published
An Introduction to Baseball
by treessimontrees
Sports
5m
Movies - When Are They Set?
by FPL_Elf
Movies
5m
Popular People in 1961
by mucciniale
History
6m
More to Explore
Quiz From the Vault
Featured Blog Post
Where Did the Easter Bunny Come From?
hide this ad
You Might Also Like...
Tags
con
del
mogadore
por
Posición
XXI
Today's Top Quizzes in Sports
Browse Sports
hide this ad
Today's Top Quizzes in del
Browse del
Top Contributed Quizzes in Sports
1
Les meilleurs buteurs des matchs entre le PSG et l’OM
2
2022 World Cup Stars
3
FIFA Club World Cup Champions
4
Les entraîneurs de l'OM et du PSG au 21e siècle
5
Name the Premier League winners with different clubs
6
La finale Lions - Afrique du Sud 2021
7
England Test cricketers to play under Nasser Hussain
8
5-to-1: UK Sports Teams
9
Les joueurs passés par le LOSC et le RC Lens
10
Criteria MLB: Left Handed Sluggers
Explore More
Trending Topics
Crossword
Anime
Harry Potter
NBA
Kpop
Marvel
Disney
Puzzle
WWE
The Office
Soccer
NFL
Song
Country
Pokémon
hide this ad
More By:
MARCA
Quiz
Plays
Rating
Category
Featured
Created
Convocados al Mundial por España
65,761
2.00
Sports
Apr 27, 2020
Goleadores en los Clásicos del siglo XXI
31,333
1.00
Sports
May 1, 2020
Los máximos goleadores de la historia de la Champions
31,258
Sports
Nov 24, 2020
Todos los jugadores convocados por Luis Enrique
27,249
1.50
Sports
May 11, 2020
Todos los semifinalistas de la Champions en este siglo
25,889
1.00
Sports
Apr 14, 2021
Go to Creator's Profile
Score Distribution
Quiz Creator Spotlight
MARCA
Follow
Send a Message
Quizzes Created
-
Created Quiz Play Count
-
More By This Creator
Popular Quizzes Today
1
Find the Countries of Europe - No Outlines Minefield
2
Find the US States - No Outlines Minefield
3
The Countries of the World
4
Popular People in 1961
5
Find the US States
6
US States
7
1-10 Letter E Words III
8
Risky Map Clicking: Biggest States A-Z
More Sports Quizzes
Distant 2+ NCAA Champs
Curator's Pick
Trending Quizzes
Risky Map Clicking: Least Populous States A-Z
1-10 Letter F Words
1-10 Letter G Words
Not Quite an Element Typing Challenge
One Thing in Common: United Kingdom
Recently Updated
Leaping Animals
pecheneg
Reality TV Shows (A-Z)
bhenderson79
Rickey Henderson's Hall of Fame Teammates
pecheneg
Champions League XIs: Arsenal
pecheneg
Quick Pick: Celebrities in WWE's Hall of Fame
aduchscher
A-Z Keypad Blitz II
pecheneg
Multiple Oscar Actors
pecheneg
Mystery Phrase Blitz: Oscar 'Best Actors'
pecheneg
F. Scott Fitzgerald Novels
LTH
Pick 3 Villains
ddd62291
Trending Topics
Anime
Marvel
NBA
Kpop
Disney
Harry Potter
Crossword
Song
WWE
NFL
Country
The Office
Pokémon
Puzzle
Soccer
Your Account Isn't Verified!
In order to create a playlist on Sporcle, you need to verify the email address you used during registration. Go to your
Sporcle Settings
to finish the process.
Report this User
Report this user for behavior that violates our
Community Guidelines
.
Details:
Send Report
Go to the Sporcle.com Mobile Site →
Comments